|
|
|
|
| LEADER |
00000cam a22000004a 4500 |
| 001 |
musev2_68482 |
| 003 |
MdBmJHUP |
| 005 |
20230905051057.0 |
| 006 |
m o d |
| 007 |
cr||||||||nn|n |
| 008 |
100317s1967 mdu o 00 0 eng d |
| 020 |
|
|
|a 9781421433691
|
| 020 |
|
|
|z 9781421433677
|
| 020 |
|
|
|z 9781421433684
|
| 020 |
|
|
|z 9780801806445
|
| 035 |
|
|
|a (OCoLC)1122161001
|
| 040 |
|
|
|a MdBmJHUP
|c MdBmJHUP
|
| 100 |
1 |
|
|a Váli, Ferenc A.
|q (Ferenc Albert),
|d 1905-1984.
|
| 245 |
1 |
4 |
|a The Quest for a United Germany /
|c by Ferenc A. Váli.
|
| 264 |
|
1 |
|a Baltimore,
|b Johns Hopkins Press
|c [1967]
|
| 264 |
|
3 |
|a Baltimore, Md. :
|b Project MUSE,
|c 2019
|
| 264 |
|
4 |
|c ©[1967]
|
| 300 |
|
|
|a 1 online resource (336 pages):
|b map (on lining papers)
|
| 336 |
|
|
|a text
|b txt
|2 rdacontent
|
| 337 |
|
|
|a computer
|b c
|2 rdamedia
|
| 338 |
|
|
|a online resource
|b cr
|2 rdacarrier
|
| 505 |
0 |
|
|a Germany: one or many -- The reunification question in west German politics -- West Germans and the reunification question -- East Germany and reunification -- Berlin and the reunification problem -- The reunification problem and international politics -- The German problem of the mid-twentieth century.
|
| 506 |
0 |
|
|a Open Access
|f Unrestricted online access
|2 star
|
| 588 |
|
|
|a Description based on print version record.
|
| 650 |
|
7 |
|a Deutsche Frage
|2 gnd
|
| 650 |
|
7 |
|a German reunification question (1949-1990)
|2 fast
|0 (OCoLC)fst00941961
|
| 650 |
|
6 |
|a Question de la reunification de l'Allemagne (1949-1990)
|
| 650 |
|
0 |
|a German reunification question (1949-1990)
|
| 655 |
|
7 |
|a Electronic books.
|2 local
|
| 710 |
2 |
|
|a Project Muse.
|e distributor
|
| 830 |
|
0 |
|a Book collections on Project MUSE.
|
| 856 |
4 |
0 |
|z Texto completo
|u https://projectmuse.uam.elogim.com/book/68482/
|